003150000a22001090004500090001700000245007100017041001400088100003100102942001300133773004200146999001700188 aAsbSeriadas10aAbejas sin aguijón (Hymenoptera: Apidae: Meliponini) de Colombia0 aEspañol1 aNates Parra, Guiomar95315 cARTICULO1 tBiota Colombianah3q233-248d2001g2 c15479d15479